000 00543nam a22001697a 4500
005 20251108164238.0
008 250721s1989 xx 000 0 ara d
082 1 4 _a621.313/محم
100 1 _aناصيف، محمد
245 1 0 _aالمحركات الكهربائية :
_bأسئلة و أجوبة /
264 1 _aدمشق :
_bدار الكتاب العربي،
_c1989.
300 _a167ص
490 0 _aالسلسلة العلمية المبسطة
650 1 7 _aالمحركات الكهربائية
942 _2ddc
_cBK
999 _c7330
_d7330